|
|
|
|
| LEADER |
01508nam a2200373 a 4500 |
| 001 |
37496 |
| 003 |
BD-DhAAL |
| 005 |
20220113115602.0 |
| 008 |
210613t1998 enkab b 001 0 eng |
| 999 |
|
|
|c 43230
|d 43230
|
| 010 |
|
|
|a 97025536
|
| 020 |
|
|
|a 0521257581
|
| 020 |
|
|
|a 9780521257589
|
| 020 |
|
|
|a 9780521796910
|
| 040 |
|
|
|a DLC
|c DLC
|d DLC
|d BD-DhAAL
|
| 043 |
|
|
|a a-ii---
|a e------
|
| 050 |
0 |
0 |
|a DS436
|b .N47 1987 pt. 2, vol. 5
|a HF3788.E8
|
| 082 |
0 |
0 |
|a 382.094054
|2 21
|
| 100 |
1 |
|
|a Prakash, Om,
|d 1940-
|9 41061
|
| 245 |
1 |
0 |
|a European commercial enterprise in pre-colonial India /
|c Om Prakash.
|
| 246 |
|
|
|a The new Cambridge history of India, II.5 :
|b European commercial enterprise in pre-colonial India /
|
| 260 |
|
|
|a Cambridge [England] ;
|a New York :
|b Cambridge University Press,
|c 1998.
|
| 300 |
|
|
|a xviii, 377 pages :
|b illustrations, maps ;
|c 23 cm.
|
| 490 |
|
|
|a The new Cambridge history of India ;
|v II, 5
|
| 504 |
|
|
|a Includes bibliographical references (p. 352-365) and index.
|
| 526 |
|
|
|a RS
|
| 541 |
|
|
|a Karim international
|e 37496
|
| 590 |
|
|
|a In English.
|
| 651 |
|
0 |
|a India
|x Commerce
|z Europe
|x History.
|9 41062
|
| 651 |
|
0 |
|a Europe
|x Commerce
|z India
|x History.
|9 41063
|
| 651 |
|
0 |
|a India
|x Economic conditions.
|9 41064
|
| 852 |
|
|
|a Savar Campus Library
|c General Stacks
|
| 942 |
|
|
|2 ddc
|c BK
|
| 952 |
|
|
|0 0
|1 0
|2 ddc
|4 0
|6 382_094054000000000_PRA
|7 0
|9 69325
|a SCL
|b SCL
|c GEN
|d 2021-03-25
|e Karim International
|g 2640.00
|l 0
|o 382.094054 PRA
|p 3020037496
|r 2021-03-25
|t 1
|v 2640.00
|w 2021-03-25
|y BK
|